Samaj karya paribhasha kosh (Record no. 226390)

MARC details
000 -LEADER
fixed length control field 00414nam a2200145Ia 4500
008 - FIXED-LENGTH DATA ELEMENTS--GENERAL INFORMATION
fixed length control field 230917s9999||||xx |||||||||||||| ||und||
040 ## - CATALOGING SOURCE
-- 146095
Original cataloging agency VIVEKANANDA LIBRARY
041 ## - Language
-- English
082 ## - DDC NUMBER
Classification number 303 B469S
100 ## - MAIN ENTRY--PERSONAL NAME
Personal name Bharat, Siksha tatha Samaj Kalyan Mantralaya
245 #0 - TITLE STATEMENT
Title Samaj karya paribhasha kosh
260 ## - PUBLICATION, DISTRIBUTION, ETC. (IMPRINT)
Place of publication, distribution, etc New Delhi
Name of publisher, distributor, etc Bharat, Siksha tatha Samaj Kalyan Mantralaya
Date of publication, distribution, etc 1978
300 ## - PHYSICAL DESCRIPTION
Pages 180 p.
942 ## - ADDED ENTRY ELEMENTS (KOHA)
Koha item type Books
Holdings
Withdrawn status Lost status Damaged status Not for loan Location (home branch) Sublocation or collection (holding branch) Date acquired Koha issues (times borrowed) Koha full call number Accession No. Koha date last seen Koha item type
        VIVEKANANDA LIBRARY VIVEKANANDA LIBRARY 15/03/2010   303 B469S 93580 17/09/2023 Books
© Designed and Maintained by Vivekananda Library, MDU Rohtak